| 000 | 00447pab a2200157 454500 | ||
|---|---|---|---|
| 008 | 180718b2015 xxu||||| |||| 00| 0 eng d | ||
| 100 | _aPal, Soubarna | ||
| 245 | _aModeling volatility of Indian rupees vis-a-vis US dollar in stagflation-like situation of 2012 | ||
| 260 | _c2015 | ||
| 300 | _ap.385-391. | ||
| 362 | _aOct | ||
| 650 | _aCurrencies - India | ||
| 650 | _aCurrencies | ||
| 773 | _aIndian Journal of Economics | ||
| 909 | _a110654 | ||
| 999 |
_c110649 _d110649 |
||